20 Countries Closest to Cyprus - Statistics

General Stats
  • This quiz has been taken 1,540 times
  • The average score is 17 of 20
Answer Stats
Hint Answer % Correct
68 km Turkey
99%
393 km Greece
98%
355 km Egypt
95%
230 km Israel
95%
103 km Syria
94%
164 km Lebanon
91%
466 km Iraq
90%
318 km Jordan
89%
898 km Iran
87%
757 km Libya
86%
478 km Saudi Arabia
86%
870 km Bulgaria
84%
1.168 km Albania
81%
937 km Armenia
80%
897 km Georgia
79%
1.001 km Azerbaijan
77%
1.015 km Romania
76%
1.083 km Macedonia
74%
972 km Russia
71%
1.183 km Serbia
68%
No matching quizzes found
Score Distribution
Percent of People with Each Score
Percentile by Number Answered
Your Score History
You have not taken this quiz